Don't get framed by the new agreements (Record no. 72593)

MARC details
000 -LEADER
fixed length control field 00865cam a2200217 4500
001 - CONTROL NUMBER
control field ABS66576
008 - FIXED-LENGTH DATA ELEMENTS--GENERAL INFORMATION
fixed length control field 030430n2003 000 0 eng u
035 ## - SYSTEM CONTROL NUMBER
System control number (Sirsi) u122151
100 ## - MAIN ENTRY--PERSONAL NAME
Personal name Homer, S.
245 ## - TITLE STATEMENT
Title Don't get framed by the new agreements
260 ## - PUBLICATION, DISTRIBUTION, ETC.
Date of publication, distribution, etc. 2003
490 ## - SERIES STATEMENT
Series statement On Site News
Volume/sequential designation 120(1440) April 2003, 10(1)
520 ## - SUMMARY, ETC.
Summary, etc. Looks at increasing use of strategic partnering or framework agreements by government departments, water companies, local authorities and supermarkets. Gives an overview of the current situation, outlining its advantages which include continuity of work and providing an alternative to the traditional tender process.
590 ## - LOCAL NOTE (RLIN)
Local note ABS
650 ## - SUBJECT ADDED ENTRY--TOPICAL TERM
Topical term or geographic name entry element TENDERING
650 ## - SUBJECT ADDED ENTRY--TOPICAL TERM
Topical term or geographic name entry element PARTNERING AGREEMENTS
650 ## - SUBJECT ADDED ENTRY--TOPICAL TERM
Topical term or geographic name entry element STRATEGIC PARTNERING
650 ## - SUBJECT ADDED ENTRY--TOPICAL TERM
Topical term or geographic name entry element FRAMEWORK AGREEMENTS
690 ## - LOCAL SUBJECT ADDED ENTRY--TOPICAL TERM (OCLC, RLIN)
Topical term or geographic name as entry element Procurement
9 (RLIN) 6260
942 ## - ADDED ENTRY ELEMENTS (KOHA)
Suppress in OPAC 0
Holdings
Withdrawn status Lost status Source of classification or shelving scheme Damaged status Not for loan Home library Current library Shelving location Date acquired Total Checkouts Full call number Barcode Date last seen Copy number Price effective from Koha item type
    Dewey Decimal Classification     London London Journal article 30/04/2003   ABS66576 122151-1001 06/08/2019 1 06/08/2019 Journal article